000
002880000a22000970004500
100
1
_a
Atiencia, Jorge
245
1
0
_a
"God has said", the anchor in pluralistic Latin America
300
_a
Vol. 77, Num. 1 (Enero-Marzo, 1997), Páginas 18-19
773
0
_t
Latin America Evangelist
942
_c
ANA
999
_c
55057
_d
55057